Statistics for World War II Battles on a Map

Click here to take the quiz!

General Stats

  • This quiz has been taken 1,540 times
  • The average score is 9 of 12

Answers on the Map

Answers color-coded by a green-red scale on the quiz's map according to % correct below.
 

Answer Stats

Battle% Correct
Battle of Stalingrad
92%
Battle of Berlin
89%
Siege of Leningrad
83%
Battle of Midway
82%
Fall of Singapore
80%
Battle of Dunkirk
73%
Battle of Iwo Jima
72%
Battle of Okinawa
72%
Battle of Nanking
66%
Battle of El Alamein
60%
Battle of Kursk
52%
Battle of Monte Cassino
35%

Score Distribution

Percentile by Number Answered

Percent of People with Each Score

Your Score History

You have not taken this quiz